Normal view
MARC view
- 1. INTERNET (COMPUTER NETWORK) 2. GOPHER SERVERS 3. WORLD WIDE WEB (INFORMATION RETRIVAL SYSTEM) 4. WAIS (INFORMATION RETRIVAL SYSTEM)
Entry Topical Term
001 - CONTROL NUMBER
- control field: 60394
003 - CONTROL NUMBER IDENTIFIER
- control field: NUST
005 - DATE AND TIME OF LATEST TRANSACTION
- control field: 20210628202531.0
008 - FIXED-LENGTH DATA ELEMENTS
- fixed length control field: 210628|| aca||aabn | a|a d
040 ## - CATALOGING SOURCE
- Original cataloging agency: NUST
- Transcribing agency: NUST
150 ## - HEADING--TOPICAL TERM
- Topical term or geographic name entry element: 1. INTERNET (COMPUTER NETWORK) 2. GOPHER SERVERS 3. WORLD WIDE WEB (INFORMATION RETRIVAL SYSTEM) 4. WAIS (INFORMATION RETRIVAL SYSTEM)
670 ## - SOURCE DATA FOUND
- Source citation: Work cat.: (NUST): Franks, mike 60393, The internet publishing handbook for world - wide web, gopher and wais, 1995
